|
|
|
|
| LEADER |
00000nam0a2200000 4500 |
| 001 |
222408 |
| 005 |
20231101230448.0 |
| 010 |
|
|
|a 9785397034586
|
| 035 |
|
|
|a (RuTPU)RU\TPU\book\242619
|
| 090 |
|
|
|a 222408
|
| 100 |
|
|
|a 20120924d2013 m y0rusy50 ca
|
| 101 |
0 |
|
|a rus
|
| 102 |
|
|
|a RU
|
| 105 |
|
|
|a a z 001zy
|
| 200 |
1 |
|
|a Борьба с помехами
|f А. А. Харкевич
|
| 205 |
|
|
|a 4-е изд.
|
| 210 |
|
|
|a Москва
|c Либроком
|d 2013
|
| 215 |
|
|
|a 280 с.
|c ил.
|
| 225 |
1 |
|
|a Классика инженерной мысли. Радиотехника
|
| 320 |
|
|
|a Библиогр.: с. 274-275.
|
| 330 |
|
|
|a Проблема обеспечения надежной передачи сигналов при наличии помех считается важнейшей проблемой прикладной теории информации. Данная монография является кратким введением в современную теорию методов повышения помехоустойчивости. Она содержит компактное изложение методов, воззрений и результатов, позволяющее обозреть всю проблему в целом. Цель книги — помочь начинающему работать в данной области составить общее представление о проблеме и получить основные исходные сведения, которые позволят приступить к изучению специальной литературы.Книга рассчитана на радиофизиков и радиоинженеров.
|
| 606 |
1 |
|
|a Каналы связи
|x Помехи
|2 stltpush
|3 (RuTPU)RU\TPU\subj\13722
|9 40292
|
| 610 |
1 |
|
|a сообщения
|
| 610 |
1 |
|
|a сигналы
|
| 610 |
1 |
|
|a передача
|
| 610 |
1 |
|
|a геометрические основы
|
| 610 |
1 |
|
|a прием
|
| 610 |
1 |
|
|a помехоустойчивость
|
| 610 |
1 |
|
|a модуляция
|
| 610 |
1 |
|
|a активные фильтры
|
| 610 |
1 |
|
|a корректирующие коды
|
| 610 |
1 |
|
|a систематические коды
|
| 610 |
1 |
|
|a циклические коды
|
| 610 |
1 |
|
|a непрерывные коды
|
| 675 |
|
|
|a 621.391.82
|v 3
|
| 700 |
|
1 |
|a Харкевич
|b А. А.
|g Александр Александрович
|
| 801 |
|
1 |
|a RU
|b 63413507
|c 20120924
|
| 801 |
|
2 |
|a RU
|b 63413507
|c 20150615
|g RCR
|
| 942 |
|
|
|c BK
|
| 959 |
|
|
|a 120/20120924
|d 2
|e 256,96
|f ЧЗТЛ:1
|f АНЛ:1
|